[Event "Seville op 45th"]
[Site "Seville"]
[Date "2020.01.10"]
[Round "1"]
[White "Wastiaux, Roland"]
[Black "Swayams, Mishra"]
[Result "0-1"]
[WhiteElo "1768"]
[BlackElo "2479"]
[PlyCount "48"]
[EventDate "2020.01.10"]
[EventType "swiss"]
[EventRounds "9"]
[EventCountry "ESP"]
[SourceTitle "CBM 194 Extra"]
[Source "ChessBase"]
[SourceDate "2020.03.31"]
[SourceVersion "1"]
[SourceVersionDate "2020.03.31"]
[SourceQuality "1"]

1. d4 Nf6 2. Bf4 d5 3. e3 c5 4. c3 Nc6 5. Nd2 e6 6. Ngf3 Bd6 7. Bg3 0-0 8. Ne5 Bxe5 9. dxe5 Nd7 10. Nf3 Qc7 11. Bd3 g6 12. Bc2 Ndxe5 13. Ng5 f6 14. Nh3 Qf7 15. Qe2 b6 16. b3 a5 17. f4 Ba6 18. Qd1 Nd7 19. Nf2 f5 20. h4 Nf6 21. Qf3 Qg7 22. Nd1 Ne4 23. Bxe4 dxe4 24. Qf2 Nb4 0-1

[Event "Pontevedra op 4th"]
[Site "Pontevedra"]
[Date "2016.08.08"]
[Round "1"]
[White "Maksimenko, Andrei"]
[Black "Wastiaux, Roland"]
[Result "1-0"]
[WhiteElo "2486"]
[BlackElo "1698"]
[PlyCount "57"]
[EventDate "2016.08.08"]
[EventType "swiss"]
[EventRounds "9"]
[EventCountry "ESP"]
[SourceTitle "CBM 173 Extra"]
[Source "ChessBase"]
[SourceDate "2016.08.29"]
[SourceVersion "1"]
[SourceVersionDate "2016.08.29"]
[SourceQuality "1"]

1. Nf3 d5 2. d4 Nf6 3. c4 e6 4. g3 c6 5. Bg2 Be7 6. 0-0 dxc4 7. Ne5 Nbd7 8. Nxc4 0-0 9. Nc3 Nb6 10. Ne5 Bd6 11. Nd3 Qe7 12. e4 e5 13. dxe5 Bxe5 14. Nxe5 Qxe5 15. h3 Be6 16. Qc2 Nh5 17. f4 Qc5+ 18. Qf2 Qxf2+ 19. Kxf2 Rfd8 20. Re1 Rd3 21. g4 Nf6 22. Bf1 Rd7 23. b3 Re7 24. f5 Bd7 25. Ba3 Ree8 26. Rad1 Rad8 27. g5 Nh5 28. Bd6 g6 29. Bc7 1-0